[Event "CAN-ch U14"]
[Site "Quebec"]
[Date "2018.07.05"]
[Round "7.32"]
[White "Tanaka, Tyler Tsutomu"]
[Black "Demers, Alexis"]
[Result "1-0"]
[WhiteElo "2067"]
[BlackElo "1726"]
[PlyCount "93"]
[EventDate "2018.07.02"]
[EventType "swiss"]
[EventRounds "7"]
[EventCountry "CAN"]
[SourceTitle "EXT 2022"]
[Source "ChessBase"]
[SourceDate "2021.10.06"]
[SourceVersion "1"]
[SourceVersionDate "2021.10.06"]
[SourceQuality "1"]

1. e4 c5 2. Nf3 d6 3. d4 cxd4 4. Nxd4 Nf6 5. Nc3 a6 6. Bg5 e6 7. f4 Be7 8. Qd3 Nbd7 9. 0-0-0 Nc5 10. Qe2 Qc7 11. f5 0-0 12. fxe6 fxe6 13. g3 b5 14. a3 h6 15. Bd2 e5 16. Nf5 Bxf5 17. exf5 Rac8 18. Bg2 Rfd8 19. Be3 Kh8 20. g4 Na4 21. Nd5 Qd7 22. Nxf6 Bxf6 23. g5 hxg5 24. Qh5+ Kg8 25. Bd5+ Kf8 26. Qh7 Ke7 27. Qh5 Qe8 28. Qg4 Qf8 29. Rhg1 Rc5 30. Bxc5 Nxc5 31. Qe2 Rc8 32. Kb1 Rc7 33. Qd2 Qd8 34. Rxg5 Bxg5 35. Qxg5+ Ke8 36. Qh5+ Kd7 37. Rg1 Kc8 38. Rg6 Kb8 39. Qg4 Qe7 40. Qg1 Qf8 41. f6 Ka7 42. fxg7 Rxg7 43. Rxg7+ Kb6 44. b4 Qf4 45. bxc5+ dxc5 46. Rb7+ Ka5 47. Qxc5 1-0

[Event "CAN-ch U10"]
[Site "Ottawa"]
[Date "2013.07.11"]
[Round "4"]
[White "Wang, Alex1111"]
[Black "Demers, Alexis"]
[Result "1-0"]
[WhiteElo "1339"]
[BlackElo "1094"]
[PlyCount "89"]
[EventDate "2013.07.10"]
[EventType "swiss"]
[EventRounds "6"]
[EventCountry "CAN"]
[SourceTitle "EXT 2022"]
[Source "ChessBase"]
[SourceDate "2021.10.06"]
[SourceVersion "1"]
[SourceVersionDate "2021.10.06"]
[SourceQuality "1"]

1. d4 Nf6 2. c4 g6 3. Nc3 Bg7 4. e4 d6 5. Nf3 0-0 6. Be2 c5 7. d5 e6 8. 0-0 exd5 9. exd5 Bf5 10. Bd3 Bxd3 11. Qxd3 Nbd7 12. Bf4 Qe7 13. Nb5 Qd8 14. Bxd6 Re8 15. Nc7 Ne4 16. Nxe8 Qxe8 17. Rfe1 Ndf6 18. Nd2 Qd7 19. Nxe4 Nxe4 20. Qxe4 Qxd6 21. Qe7 Qb6 22. Rab1 Bf8 23. Qe2 Bd6 24. Red1 Qb4 25. Qd3 Re8 26. a3 Qa5 27. Qd2 Qc7 28. g3 Re4 29. Qc2 Rg4 30. f3 Rg5 31. b4 Bxg3 32. Rd2 Bf2+ 33. Kxf2 Qxh2+ 34. Ke3 Re5+ 35. Kd3 Qf4 36. Kc3 cxb4+ 37. axb4 Re3+ 38. Rd3 Qe5+ 39. Kb3 Re2 40. Qc3 Qh2 41. Re3 Rxe3 42. Qxe3 Qd6 43. Re1 b5 44. Qe8+ Kg7 45. Qe5+ 1-0